International institutions in trade and finance (Record no. 311)

MARC details
000 -LEADER
fixed length control field 00794nam a2200217 a 4500
008 - FIXED-LENGTH DATA ELEMENTS--GENERAL INFORMATION
fixed length control field 120716s1981 ||||||||||||||||| || u
020 ## - INTERNATIONAL STANDARD BOOK NUMBER
International Standard Book Number 0043820336
050 ## - LIBRARY OF CONGRESS CALL NUMBER
Classification number HF 1411 Mac
100 ## - MAIN ENTRY--PERSONAL NAME
Personal name MacBean, Alasdair I
245 10 - TITLE STATEMENT
Title International institutions in trade and finance
Statement of responsibility, etc. A. I. Macbean and P. N. Snowden
260 ## - PUBLICATION, DISTRIBUTION, ETC.
Place of publication, distribution, etc. London
Name of publisher, distributor, etc. George Allen & Unwin
Date of publication, distribution, etc. 1981
300 ## - PHYSICAL DESCRIPTION
Extent xiv, 255p.: ill.
490 ## -
-- Studies in economics
490 ## -
-- 18
500 ## - GENERAL NOTE
General note Bibliography
650 ## - SUBJECT ADDED ENTRY--TOPICAL TERM
Topical term or geographic name entry element FINANCIAL INSTITUTIONS, INTERNATIONAL
650 #0 - SUBJECT ADDED ENTRY--TOPICAL TERM
Topical term or geographic name entry element INTERNATIONAL AGENCIES
650 #0 - SUBJECT ADDED ENTRY--TOPICAL TERM
Topical term or geographic name entry element INTERNATIONAL ECONOMIC RELATIONS
700 ## - ADDED ENTRY--PERSONAL NAME
Personal name Snowden, P. N
995 ## -
-- SPECIAL COLLECTIONS
-- 500062
-- CBU-DAG HAMMARSKJOLD INSTITUTE LIBRARY
-- DAG HF 1411 Mac
-- 1
-- AVAILABLE
-- Aug 29, 2012
-- 500062
-- DHIPS Book Collection
999 ## -
-- 311
-- 311
Holdings
Withdrawn status Lost status Source of classification or shelving scheme Damaged status Not for loan Permanent Location Current Location Shelving location Date acquired Total Checkouts Full call number Barcode Date last seen Price effective from Koha item type
          CBU-DAG HAMMARSKJOLD INSTITUTE CBU-DAG HAMMARSKJOLD INSTITUTE   11/28/2022   HF 1411 Mac 500062 11/28/2022 11/28/2022 MONOGRAPH